000 00500nam a2200181Ia 4500
005 20250508150725.0
008 008 250505s9999 xx 000 0 eng d
037 _aTextual
040 _aFEDL
_beng
_cFEDL
041 _aeng
_2eng
084 _a914, DIE
_qFEDL
100 _aDicken Samuel Newton
_9757467
245 0 _aRegional economic geography
260 _aBoston, USA
_bD C Heath and Company
_c1949
300 _a515p.
942 _cTEXL
_h914, DIE
999 _c1325276
_d1325276